00581nam a2200169Ia 4500008004100000020001800041041000800059082001800067100004800085245005900133250000600192260004200198300001200240650000800252999001900260952013200279210716s2013 xx 000 0 und d a9788120347328 aeng a005.2764 GUPP aGupta, Pranab Kumar Das; Mondal, Ramprosad. aDeveloping web applications using asp .net and oracle. a2 aNew DelhibPHI Learning Pvt Ltdc2013 axxi,454 aASP c195081d195081 001040708MCAaAIMITbAIMITeKnowledge Worldg525.00l0o005.2764 GUPPpMCA14590r2026-05-23 00:00:00v393.75w2021-07-16yBK